| 000 | 00558nam a22001697a 4500 | ||
|---|---|---|---|
| 999 |
_c17376 _d17376 |
||
| 008 | 221004b ||||| |||| 00| 0 eng d | ||
| 020 | _a9781847326430 | ||
| 082 |
_22010 _aDRef 641.874 _bB791 |
||
| 100 |
_aBroom, Dave. _946237 |
||
| 245 |
_aThe complete bartender's guide / _cDave Broom. |
||
| 260 |
_a[London] : _bCarlton Books, _c©2010. |
||
| 300 |
_a399 pages : _bcolor illustrations ; _c18 cm. |
||
| 500 | _aIncludes glossary and index. | ||
| 650 |
_aBartending _vHandbooks, manuals, etc. _946238 |
||
| 650 |
_aCocktails. _931613 |
||
| 942 |
_2ddc _cPER |
||